Normal view
MARC view
- ثقافة اسلامية-حسن البنا1906-1949-سيد قطب1906-1965
Entry Topical Term
001 - CONTROL NUMBER
- control field: 35189
003 - CONTROL NUMBER IDENTIFIER
- control field: JO-AjAnu
005 - DATE AND TIME OF LATEST TRANSACTION
- control field: 20230606075904.0
008 - FIXED-LENGTH DATA ELEMENTS
- fixed length control field: 230606|| aca||aabn | a|a d
040 ## - CATALOGING SOURCE
- Original cataloging agency: JO-AjAnu
- Transcribing agency: JO-AjAnu
150 ## - HEADING--TOPICAL TERM
- Topical term or geographic name entry element: ثقافة اسلامية-حسن البنا1906-1949-سيد قطب1906-1965
670 ## - SOURCE DATA FOUND
- Source citation: Work cat.: (JO-AjAnu)18070: أبو فارس، محمد عبد القادر, author 35188, منهج التغيير عند الشهيدين حسن البنا وسيد قطب